Multipley alebo klasické kiná?

Multiplex ako nový typ kín. Ponuka multiplexov. História vzniku multipexov. Multiplexy na Slovensku. Profil návštevníka multiplexu.

Salvato in:
Dettagli Bibliografici
Autore principale: Lesáková, Dagmar, 1949-
Natura: Capitolo di libro
Lingua:slovacco
Soggetti:
Tags: Aggiungi Tag
Nessun Tag, puoi essere il primo ad aggiungerne!!

MARC

LEADER 00000naa a2200000 4500
001 r049079
005 20231004100841.9
041 0 |a slo 
044 |a CZ 
245 1 0 |a Multipley alebo klasické kiná?  |c Dagmar Lesáková 
520 |a Multiplex ako nový typ kín. Ponuka multiplexov. História vzniku multipexov. Multiplexy na Slovensku. Profil návštevníka multiplexu. 
610 2 0 |a kultúra 
610 2 0 |a technológie komunikačné 
610 2 0 |a film 
610 2 0 |a médiá 
610 2 0 |a satelity 
610 2 0 |a trh 
610 2 0 |a marketing 
610 2 0 |a kiná 
100 1 |a Lesáková, Dagmar, 1949-